[Event "Quebec op U1200"]
[Site "Montreal CAN"]
[Date "1989.07.28"]
[Round "7"]
[White "Campeau, Eric"]
[Black "Carrier, Felix"]
[Result "1/2-1/2"]
[WhiteElo "1416"]
[BlackElo "1397"]
[PlyCount "42"]
[GameId "2160767912502616"]
[EventDate "1989.07.22"]
[EventType "swiss"]
[EventRounds "8"]
[EventCountry "CAN"]
[SourceTitle "hb 2009.04"]

1. e4 Nf6 2. e5 Nd5 3. d4 e6 4. Nf3 Bb4+ 5. c3 Ba5 6. Bd3 Bb6 7. O-O O-O 8. Bc2 Ne7 9. Bg5 h5 10. Qd3 g6 11. Bf6 Qe8 12. Qe3 Kh7 13. Ng5+ Kg8 14. Nh3 Kh7 15. Qf3 Kg8 16. Ng5 Nd5 17. Nh7 Nc6 18. Qg3 Kxh7 19. Qf3 Nxf6 20. exf6 Kg8 21. Nd2 d5 1/2-1/2

[Event "Quebec op U1200"]
[Site "Montreal CAN"]
[Date "1989.07.28"]
[Round "7"]
[White "Chartier, Francis"]
[Black "Helguero, Marcos"]
[Result "1-0"]
[WhiteElo "1224"]
[BlackElo "1209"]
[PlyCount "97"]
[GameId "2160767912502617"]
[EventDate "1989.07.22"]
[EventType "swiss"]
[EventRounds "8"]
[EventCountry "CAN"]
[SourceTitle "hb 2009.04"]

1. d4 Nf6 2. c4 e6 3. Nf3 c5 4. d5 d6 5. Nc3 a6 6. e4 Be7 7. Qc2 O-O 8. Bd3 exd5 9. exd5 Re8 10. O-O Bf8 11. Bg5 Nbd7 12. Bxh7+ Kh8 13. Bd3 Ne5 14. Nxe5 Rxe5 15. Bh4 Rh5 16. Bg3 Be7 17. Rfe1 Bd7 18. Re2 Qf8 19. Rae1 Re8 20. Qb3 Bc8 21. Ne4 Nxe4 22. Rxe4 Rh6 23. R4e2 Bg4 24. f3 Bc8 25. Qb6 Kg8 26. Qc7 Bd8 27. Qxc8 Rxe2 28. Rxe2 g6 29. Bxd6 Qxd6 30. Re8+ Kg7 31. Qxd8 Qxh2+ 32. Kf2 Rh8 33. Rxh8 Qxh8 34. Qxh8+ Kxh8 35. Ke3 Kg7 36. Kf4 Kf6 37. g4 g5+ 38. Ke3 Ke5 39. Kd2 a5 40. Kc2 Kd4 41. Be2 Ke5 42. Kb3 b5 43. cxb5 Kxd5 44. Ka4 Kd6 45. Kxa5 Kc7 46. b6+ Kb8 47. Ka6 c4 48. Bxc4 f5 49. gxf5 1-0

[Event "Quebec op U1200"]
[Site "Montreal CAN"]
[Date "1989.07.28"]
[Round "7"]
[White "Davignon, Didier"]
[Black "Boileau, Alain"]
[Result "0-1"]
[WhiteElo "1096"]
[BlackElo "1438"]
[PlyCount "74"]
[GameId "2160767912502618"]
[EventDate "1989.07.22"]
[EventType "swiss"]
[EventRounds "8"]
[EventCountry "CAN"]
[SourceTitle "hb 2009.04"]

1. e4 d6 2. d4 Nf6 3. Nc3 g6 4. Nf3 Bg7 5. Be2 O-O 6. O-O e5 7. dxe5 dxe5 8. Bd3 Nc6 9. h3 Qe7 10. Be3 Be6 11. Qd2 Rfd8 12. Rfd1 Rd7 13. b3 a6 14. Ng5 Rad8 15. Nxe6 Qxe6 16. Qe2 b5 17. a3 Nd4 18. Qf1 h6 19. Ne2 c5 20. Nxd4 exd4 21. Bd2 Nxe4 22. Ba5 Rc8 23. Re1 f5 24. f3 Rf7 25. Qe2 c4 26. fxe4 cxd3 27. Qxd3 fxe4 28. Rxe4 Qc6 29. Rc1 h5 30. c3 dxc3 31. Rc2 Rd7 32. Qf3 Qc5+ 33. Kf1 Rf8 34. Rf4 Rxf4 35. Qxf4 Rf7 36. Qxf7+ Kxf7 37. Rf2+ Kg8 0-1

[Event "Quebec op U1200"]
[Site "Montreal CAN"]
[Date "1989.07.28"]
[Round "7"]
[White "Dholandas, Carl"]
[Black "Lycoudis, Nicolas"]
[Result "1-0"]
[WhiteElo "1108"]
[BlackElo "1220"]
[PlyCount "39"]
[GameId "2160767912502619"]
[EventDate "1989.07.22"]
[EventType "swiss"]
[EventRounds "8"]
[EventCountry "CAN"]
[SourceTitle "hb 2009.04"]

1. e4 e6 2. d4 d5 3. e5 a6 4. Nf3 h6 5. Be2 Ne7 6. O-O Ng6 7. Be3 Nd7 8. c4 dxc4 9. Bxc4 b5 10. Bd3 Bb7 11. Bxg6 fxg6 12. Nbd2 Be7 13. Qc2 Nf8 14. Rac1 Rc8 15. a4 c6 16. b3 Bg5 17. Bxg5 hxg5 18. Ne4 Kd7 19. Nfxg5 Kc7 20. Nf7 1-0

[Event "Quebec op U1200"]
[Site "Montreal CAN"]
[Date "1989.07.28"]
[Round "7"]
[White "Rozman, Zeljko"]
[Black "Los, Joel"]
[Result "1-0"]
[WhiteElo "1184"]
[BlackElo "1181"]
[PlyCount "59"]
[GameId "2160767912502620"]
[EventDate "1989.07.22"]
[EventType "swiss"]
[EventRounds "8"]
[EventCountry "CAN"]
[SourceTitle "hb 2009.04"]

1. d4 d5 2. Nf3 Nc6 3. g3 Nf6 4. Bg2 g6 5. Bf4 Bg7 6. c3 e6 7. Nbd2 O-O 8. Ne5 Nxe5 9. Bxe5 Nh5 10. Bxg7 Nxg7 11. Nf3 f6 12. Qd2 c6 13. h4 Re8 14. Nh2 e5 15. dxe5 Rxe5 16. O-O-O Qf8 17. f4 Re8 18. Bf3 f5 19. h5 Nxh5 20. Bxh5 gxh5 21. Nf3 b6 22. Rxh5 h6 23. Rdh1 Re6 24. Ne5 Kh7 25. e3 Rd6 26. Rg5 a5 27. g4 fxg4 28. Qd3+ Kh8 29. Ng6+ Rxg6 30. Qxg6 1-0

[Event "Quebec op U1200"]
[Site "Montreal CAN"]
[Date "1989.07.29"]
[Round "8"]
[White "Boileau, Alain"]
[Black "Dholandas, Carl"]
[Result "1/2-1/2"]
[WhiteElo "1438"]
[BlackElo "1108"]
[PlyCount "22"]
[GameId "2160767912502621"]
[EventDate "1989.07.22"]
[EventType "swiss"]
[EventRounds "8"]
[EventCountry "CAN"]
[SourceTitle "hb 2009.04"]

1. d4 d5 2. c4 e6 3. Nf3 Nf6 4. e3 Bb4+ 5. Nc3 O-O 6. a3 Bxc3+ 7. bxc3 b6 8. cxd5 Nxd5 9. Qc2 Bb7 10. e4 Ne7 11. Bd3 Nd7 1/2-1/2

[Event "Quebec op U1200"]
[Site "Montreal CAN"]
[Date "1989.07.29"]
[Round "8"]
[White "Dholandas, Rosetta"]
[Black "Laurence, Robert"]
[Result "0-1"]
[WhiteElo "858"]
[BlackElo "1120"]
[PlyCount "94"]
[GameId "2160767912502623"]
[EventDate "1989.07.22"]
[EventType "swiss"]
[EventRounds "8"]
[EventCountry "CAN"]
[SourceTitle "hb 2009.04"]

1. e4 e5 2. Nf3 Nc6 3. Bb5 a6 4. Ba4 b5 5. Bb3 d6 6. c3 Nf6 7. Bc2 Be7 8. d4 Bg4 9. d5 Nb8 10. O-O O-O 11. Be3 Nbd7 12. Nbd2 h6 13. h3 Bh5 14. c4 Nc5 15. b4 Ncd7 16. a3 Bg6 17. Re1 bxc4 18. Ba4 Nxe4 19. Bc6 Rb8 20. Nxc4 Nc3 21. Qc1 Ne4 22. Kf1 Ng5 23. Bxd7 Qxd7 24. Nxg5 hxg5 25. Bxg5 Bxg5 26. Qxg5 Bd3+ 27. Re2 Bxc4 28. Rae1 f6 29. Qe3 Bxe2+ 30. Rxe2 Qb5 31. Qd2 c5 32. f4 cxb4 33. axb4 Rbc8 34. Kf2 Rfe8 35. g3 Kf7 36. Re3 Qb6 37. Ke2 exf4 38. gxf4 Qb5+ 39. Qd3 Qxb4 40. Qxa6 Qd4 41. Qd3 Qxf4 42. Kd2 Rh8 43. h4 Rxh4 44. Qe2 Rh2 45. Kd3 Rxe2 46. Rxe2 Qf3+ 47. Kd2 Qc3+ 0-1

[Event "Quebec op U1200"]
[Site "Montreal CAN"]
[Date "1989.07.29"]
[Round "8"]
[White "Houle, Sebastien"]
[Black "Cimegotto, Paul"]
[Result "0-1"]
[WhiteElo "1020"]
[BlackElo "1124"]
[PlyCount "70"]
[GameId "2160767912502624"]
[EventDate "1989.07.22"]
[EventType "swiss"]
[EventRounds "8"]
[EventCountry "CAN"]
[SourceTitle "hb 2009.04"]

1. d4 Nf6 2. c4 c5 3. d5 d6 4. Nc3 a6 5. g3 g6 6. Bg2 Bg7 7. e3 O-O 8. Nge2 Nbd7 9. O-O Nb6 10. Qc2 Nxc4 11. b3 Ne5 12. f4 Bf5 13. e4 Nxe4 14. Bxe4 Bxe4 15. Qxe4 Ng4 16. Bd2 Nf6 17. Qg2 b5 18. Rad1 Qb6 19. Ne4 c4+ 20. Kh1 cxb3 21. axb3 Nxd5 22. N2c3 Ne3 23. Bxe3 Qxe3 24. Qf3 Qxf3+ 25. Rxf3 Rfc8 26. Rdd3 f5 27. Nd5 Kf7 28. Nb6 fxe4 29. Nxc8 exd3 30. Nb6 Rb8 31. Nd5 e6 32. Nb4 a5 33. Nxd3 a4 34. bxa4 bxa4 35. Nc1 a3 0-1

[Event "Quebec op U1200"]
[Site "Montreal CAN"]
[Date "1989.07.29"]
[Round "8"]
[White "Hua, Lefong"]
[Black "Aubry, Jocelyne"]
[Result "1-0"]
[WhiteElo "1097"]
[BlackElo "1033"]
[PlyCount "129"]
[GameId "2160767912502625"]
[EventDate "1989.07.22"]
[EventType "swiss"]
[EventRounds "8"]
[EventCountry "CAN"]
[SourceTitle "hb 2009.04"]

1. e4 e5 2. Nf3 Nc6 3. Bc4 Bc5 4. c3 Nf6 5. d4 exd4 6. cxd4 Bb4+ 7. Nc3 Nxe4 8. O-O Nxc3 9. Re1+ Ne7 10. bxc3 Bxc3 11. Ng5 O-O 12. Qc2 Ng6 13. Qxc3 b6 14. Ba3 Re8 15. Bxf7+ Kh8 16. Rxe8+ Qxe8 17. Bxe8 d6 18. Qc4 h6 19. Nf7+ Kh7 20. Qxc7 Be6 21. Qb7 Rxe8 22. Nxd6 Re7 23. Qc6 Bd7 24. Qf3 Re6 25. h3 a5 26. Rc1 b5 27. Qf7 Re7 28. Qd5 Nf4 29. Qxb5 Bxb5 30. Nxb5 Rd7 31. g3 Ne2+ 32. Kf1 Nxc1 33. Bxc1 a4 34. Be3 g5 35. Nc3 a3 36. d5 Rc7 37. Ne4 Kg6 38. d6 Rd7 39. Bc5 Kf5 40. Nc3 g4 41. h4 Ke5 42. Bxa3 Kd4 43. Nb5+ Kc4 44. Nc7 Kd3 45. Na8 Ra7 46. Nb6 Rb7 47. d7 Rb8 48. Be7 Ke4 49. d8=Q Rxd8 50. Bxd8 h5 51. Ke2 Kd4 52. f3 gxf3+ 53. Kxf3 Kc5 54. g4 hxg4+ 55. Kxg4 Kc6 56. h5 Kb7 57. h6 Ka7 58. h7 Kb8 59. h8=Q Kb7 60. Qg7+ Ka6 61. Qc3 Kb7 62. Qc4 Ka7 63. Qb5 Kb8 64. Qc6 Ka7 65. Qa8# 1-0

[Event "Quebec op U1400"]
[Site "Montreal CAN"]
[Date "1989.07.26"]
[Round "5"]
[White "Chirito, Edward"]
[Black "Paradis, Francine"]
[Result "0-1"]
[WhiteElo "1268"]
[BlackElo "1267"]
[PlyCount "57"]
[GameId "2160767912502626"]
[EventDate "1989.07.22"]
[EventType "swiss"]
[EventRounds "8"]
[EventCountry "CAN"]
[SourceTitle "hb 2009.04"]

1. d4 Nf6 2. Nf3 d5 3. c4 e6 4. Nc3 g6 5. Bg5 Bg7 6. e3 b6 7. Bd3 Bb7 8. Qe2 Nc6 9. a3 O-O 10. O-O-O a5 11. Ne5 Qe8 12. Nb5 Rc8 13. Kb1 Nxe5 14. dxe5 Nd7 15. f4 Nc5 16. Qc2 Nxd3 17. Qxd3 dxc4 18. Qxc4 Ba6 19. Nxc7 Bxc4 20. Nxe8 Rfxe8 21. Rd7 Bd5 22. Rg1 Be4+ 23. Ka1 Rc2 24. Bd8 Bxg2 25. Bxb6 Rec8 26. Rd8+ Rxd8 27. Bxd8 a4 28. b4 axb3 29. a4 0-1

[Event "Quebec op U1400"]
[Site "Montreal CAN"]
[Date "1989.07.29"]
[Round "8"]
[White "Desautels, Pierre"]
[Black "Chaput, Denis"]
[Result "1-0"]
[WhiteElo "1333"]
[BlackElo "1336"]
[PlyCount "108"]
[GameId "2160767912502627"]
[EventDate "1989.07.22"]
[EventType "swiss"]
[EventRounds "8"]
[EventCountry "CAN"]
[SourceTitle "hb 2009.04"]

1. f4 Nf6 2. Nf3 c5 3. e3 b6 4. c4 Bb7 5. Be2 e6 6. O-O Nc6 7. Nc3 a6 8. Ne5 Bd6 9. Bf3 Qc7 10. Nxc6 Bxc6 11. Bxc6 Qxc6 12. d3 h5 13. e4 e5 14. Qf3 exf4 15. Bxf4 Bxf4 16. Qxf4 Rh6 17. Nd5 Kd8 18. Nxf6 Qxf6 19. Qxf6+ Rxf6 20. Rxf6 gxf6 21. Rf1 Ke7 22. Rf5 Rh8 23. h4 Rh6 24. Kf2 d6 25. a3 Kd7 26. b4 Kc6 27. bxc5 bxc5 28. Rd5 Kd7 29. a4 Ke6 30. Kf3 f5 31. Rxf5 Rf6 32. Rxf6+ Kxf6 33. Kf4 a5 34. g4 hxg4 35. Kxg4 Kg6 36. h5+ Kf6 37. Kf4 Kg7 38. Kf5 Kh6 39. Kf6 Kxh5 40. Kxf7 Kg5 41. Ke6 Kf4 42. Kxd6 Ke3 43. Kxc5 Kxd3 44. e5 Kc3 45. e6 Kb3 46. e7 Kxa4 47. e8=Q+ Kb3 48. Qe3+ Ka4 49. Qe8+ Ka3 50. Qb5 a4 51. Kd4 Ka2 52. Kc3 a3 53. Qb3+ Ka1 54. Qxa3+ Kb1 1-0

[Event "Quebec op U1400"]
[Site "Montreal CAN"]
[Date "1989.07.29"]
[Round "8"]
[White "Gauthier, Stephane"]
[Black "Bolduc, Rene"]
[Result "0-1"]
[WhiteElo "1348"]
[BlackElo "1345"]
[PlyCount "60"]
[GameId "2160767912502628"]
[EventDate "1989.07.22"]
[EventType "swiss"]
[EventRounds "8"]
[EventCountry "CAN"]
[SourceTitle "hb 2009.04"]

1. Nf3 Nf6 2. g3 d5 3. Bg2 Bg4 4. d4 Bxf3 5. Bxf3 e6 6. c4 c6 7. b3 Bb4+ 8. Nd2 dxc4 9. O-O Qxd4 10. Rb1 c3 11. e3 Qc5 12. Nc4 Na6 13. a3 Rd8 14. Qc2 Ba5 15. Nxa5 Qxa5 16. b4 Qf5 17. Qxf5 exf5 18. Rb3 Ne4 19. Bxe4 fxe4 20. Rxc3 Ke7 21. Rc4 f5 22. g4 g6 23. g5 Ke6 24. f4 Rd3 25. a4 Kd5 26. Rd4+ Rxd4 27. exd4 Nxb4 28. Ba3 c5 29. Rc1 b6 30. Rb1 Nc2 0-1

[Event "Quebec op U1400"]
[Site "Montreal CAN"]
[Date "1989.07.29"]
[Round "8"]
[White "Mercier, Guy"]
[Black "Rouleau, Paul"]
[Result "1-0"]
[WhiteElo "1329"]
[BlackElo "1275"]
[PlyCount "59"]
[GameId "2160767912502629"]
[EventDate "1989.07.22"]
[EventType "swiss"]
[EventRounds "8"]
[EventCountry "CAN"]
[SourceTitle "hb 2009.04"]

1. c4 c5 2. Nf3 Nf6 3. g3 g6 4. Bg2 Bg7 5. Nc3 Nc6 6. O-O O-O 7. d3 Re8 8. Be3 d6 9. Qd2 Ng4 10. Bg5 h6 11. Bf4 Kh7 12. Qc1 Nge5 13. h3 Nxf3+ 14. exf3 Nd4 15. g4 Bd7 16. Re1 Bc6 17. Ne4 b5 18. Rb1 a5 19. Qd1 Qb6 20. Bd2 Ra7 21. f4 Qb8 22. h4 a4 23. Re3 bxc4 24. dxc4 Rb7 25. Bc3 Ne6 26. Bxg7 Kxg7 27. Nxc5 Bxg2 28. Nxe6+ fxe6 29. Kxg2 Rxb2 30. Qd4+ 1-0

[Event "Quebec op U1400"]
[Site "Montreal CAN"]
[Date "1989.07.29"]
[Round "8"]
[White "Saxena, Gautam"]
[Black "Michaud, Jean-Francois"]
[Result "1-0"]
[WhiteElo "1370"]
[BlackElo "1539"]
[PlyCount "69"]
[GameId "2160767912502630"]
[EventDate "1989.07.22"]
[EventType "swiss"]
[EventRounds "8"]
[EventCountry "CAN"]
[SourceTitle "hb 2009.04"]

1. e4 e5 2. Nf3 Nc6 3. Bb5 a6 4. Bxc6 dxc6 5. d4 exd4 6. Qxd4 Qxd4 7. Nxd4 Bg4 8. O-O O-O-O 9. Nb3 Nf6 10. Bg5 h6 11. Be3 g5 12. Nc3 Bh5 13. f4 Rg8 14. fxg5 Ng4 15. Bd4 hxg5 16. h3 Nh6 17. Bf6 Re8 18. g4 Bg6 19. Bxg5 Nxg4 20. hxg4 Bxe4 21. Nxe4 Rxe4 22. Bd2 Rexg4+ 23. Kf2 Be7 24. Kf3 Rg3+ 25. Ke2 Rg2+ 26. Rf2 R2g4 27. Raf1 Bh4 28. Rxf7 Re8+ 29. Kd1 Rd8 30. Rf8 b6 31. Rxd8+ Kxd8 32. Ke2 c5 33. Rf4 Rg2+ 34. Kf1 Rh2 35. Rxh4 1-0

[Event "Quebec op U1600"]
[Site "Montreal CAN"]
[Date "1989.07.22"]
[Round "1"]
[White "Charest, Johanne"]
[Black "Potvin, Alain-Nicolas"]
[Result "1/2-1/2"]
[WhiteElo "1558"]
[BlackElo "1448"]
[PlyCount "92"]
[GameId "2160767912502631"]
[EventDate "1989.07.22"]
[EventType "swiss"]
[EventRounds "8"]
[EventCountry "CAN"]
[SourceTitle "EXT 2022"]
[Source "ChessBase"]
[SourceDate "2021.10.06"]
[SourceVersion "1"]
[SourceVersionDate "2021.10.06"]
[SourceQuality "1"]

1. e4 e5 2. Nf3 Nc6 3. Bc4 Bc5 4. c3 Nf6 5. d4 exd4 6. cxd4 Bb4+ 7. Bd2 Bxd2+ 8. Nbxd2 d5 9. exd5 Nxd5 10. O-O O-O 11. Re1 Bg4 12. Rc1 Nb6 13. Qc2 Bxf3 14. Nxf3 Nxd4 15. Nxd4 Qxd4 16. Bd3 g6 17. Re4 Qd7 18. Rd1 Rad8 19. Be2 Qc8 20. Qb3 Rxd1+ 21. Bxd1 Re8 22. Qf3 Rxe4 23. Qxe4 Qe6 24. Qh4 Qxa2 25. g3 Qc4 26. Qe7 Nd5 27. Qe8+ Kg7 28. Qe5+ Nf6 29. Bf3 c6 30. h4 Qe6 31. Qd4 h5 32. Kg2 b6 33. Qa4 c5 34. Qxa7 Ne4 35. Qa3 Qc4 36. Qe3 f5 37. Qf4 Qd4 38. Qc7+ Kh6 39. Qf4+ Kg7 40. Qc7+ Kh6 41. Qf4+ g5 42. hxg5+ Nxg5 43. Qxf5 Nxf3 44. Qxf3 Qxb2 45. Qf4+ Kg6 46. Qe4+ Kg5 1/2-1/2

[Event "Quebec op U1600"]
[Site "Montreal CAN"]
[Date "1989.07.23"]
[Round "2"]
[White "Frizzle, Stan"]
[Black "Charest, Johanne"]
[Result "1-0"]
[WhiteElo "1431"]
[BlackElo "1558"]
[PlyCount "135"]
[GameId "2160767912502632"]
[EventDate "1989.07.22"]
[EventType "swiss"]
[EventRounds "8"]
[EventCountry "CAN"]
[SourceTitle "EXT 2022"]
[Source "ChessBase"]
[SourceDate "2021.10.06"]
[SourceVersion "1"]
[SourceVersionDate "2021.10.06"]
[SourceQuality "1"]

1. e4 e5 2. Nf3 Nc6 3. Bb5 a6 4. Ba4 Nf6 5. O-O Be7 6. Re1 b5 7. Bb3 O-O 8. a4 Bb7 9. axb5 axb5 10. Rxa8 Qxa8 11. d3 d6 12. Na3 Qa6 13. c3 Na5 14. Bc2 c5 15. Bd2 Nc6 16. Nh4 Nd8 17. Nf5 Re8 18. Bg5 d5 19. exd5 Nxd5 20. Nxe7+ Nxe7 21. d4 cxd4 22. cxd4 f6 23. Bxh7+ Kf8 24. Bh4 exd4 25. Qd3 Qc6 26. f3 g5 27. Be4 Qc7 28. Bg3 Qc5 29. Qxb5 Qc8 30. Bxb7 Nxb7 31. Nc4 Rd8 32. Nb6 Qc2 33. Nd7+ Kf7 34. Qxb7 d3 35. Nxf6 Qc5+ 36. Bf2 d2 37. Qb3+ Kxf6 38. Rd1 Qc6 39. Qc3+ Qxc3 40. bxc3 Rd3 41. Bd4+ Ke6 42. Kf2 Ng6 43. g3 Ne5 44. Bxe5 Kxe5 45. Ke2 Rxc3 46. Rxd2 Ra3 47. h3 Ra4 48. Ke3 Ra3+ 49. Rd3 Ra4 50. Rb3 Ra5 51. f4+ gxf4+ 52. gxf4+ Kf5 53. Kf3 Rc5 54. Re3 Ra5 55. h4 Rb5 56. h5 Ra5 57. h6 Kg6 58. Re6+ Kf7 59. Rb6 Rh5 60. Kg4 Rh1 61. Kf5 Rh5+ 62. Ke4 Kf8 63. f5 Kf7 64. Ke5 Rh1 65. Rb7+ Kf8 66. h7 Rh5 67. Ke6 Rh6+ 68. f6 1-0

[Event "Quebec op U1600"]
[Site "Montreal CAN"]
[Date "1989.07.23"]
[Round "2"]
[White "Hettstedt, Kay"]
[Black "Potvin, Alain-Nicolas"]
[Result "1-0"]
[WhiteElo "1599"]
[BlackElo "1448"]
[PlyCount "45"]
[GameId "2160767912502633"]
[EventDate "1989.07.22"]
[EventType "swiss"]
[EventRounds "8"]
[EventCountry "CAN"]
[SourceTitle "hb 2009.04"]

1. e4 e5 2. d4 exd4 3. Qxd4 Nc6 4. Qa4 d6 5. Nf3 Bd7 6. c3 Nf6 7. Bg5 h6 8. Bh4 g5 9. Bg3 Qe7 10. Nbd2 O-O-O 11. O-O-O Ng4 12. h3 Nge5 13. Nxe5 dxe5 14. Bb5 Kb8 15. f3 a6 16. Bxc6 Bxc6 17. Qa5 f6 18. Nb3 Qe8 19. Bf2 Bd6 20. Bc5 b6 21. Bxb6 cxb6 22. Qxb6+ Bb7 23. Na5 1-0

[Event "Quebec op U1600"]
[Site "Montreal CAN"]
[Date "1989.07.24"]
[Round "3"]
[White "Charest, Johanne"]
[Black "Turcot, Jean"]
[Result "0-1"]
[WhiteElo "1558"]
[BlackElo "1480"]
[PlyCount "154"]
[GameId "2160767912502634"]
[EventDate "1989.07.22"]
[EventType "swiss"]
[EventRounds "8"]
[EventCountry "CAN"]
[SourceTitle "EXT 2022"]
[Source "ChessBase"]
[SourceDate "2021.10.06"]
[SourceVersion "1"]
[SourceVersionDate "2021.10.06"]
[SourceQuality "1"]

1. e4 c6 2. d4 d5 3. e5 Bf5 4. Bd3 Bxd3 5. Qxd3 e6 6. c3 Nd7 7. Nd2 c5 8. Ne2 Qc7 9. f4 h5 10. h4 Nh6 11. Nf3 g6 12. g3 c4 13. Qc2 b5 14. a3 a5 15. Bd2 Be7 16. Kf1 Qb7 17. Kg2 Ng4 18. b4 a4 19. Nh2 O-O-O 20. Ng1 Rdg8 21. Nh3 Nf8 22. Nxg4 hxg4 23. Nf2 Qc7 24. Nxg4 Qd8 25. Be3 Rh5 26. Qf2 Rgh8 27. Bd2 Nh7 28. Ne3 f5 29. Nc2 Qg8 30. Rag1 Nf8 31. Ne1 Nd7 32. Nf3 Nb8 33. Kf1 Qh7 34. Qg2 Qf7 35. Be1 Nc6 36. Ke2 Nd8 37. Ke3 R5h6 38. Ke2 Qf8 39. Ke3 Nf7 40. g4 Kd7 41. gxf5 gxf5 42. Bf2 Rh5 43. Rh3 Nh6 44. Nh2 Rg8 45. Qf1 Ng4+ 46. Nxg4 fxg4 47. Rh2 Qf5 48. Bg3 Qe4+ 49. Kd2 Qf5 50. Ke3 Rf8 51. Rgg2 Rg8 52. Rg1 Qh7 53. Rgh1 Rh8 54. Qe2 Rg8 55. Qf1 Qe4+ 56. Kd2 Ke8 57. Qe2 Qf5 58. Rg1 Kf7 59. Ke3 Qe4+ 60. Kd2 Qh7 61. Rgh1 Rg6 62. Ke1 Kg8 63. Qc2 Qf7 64. Kf2 Kg7 65. Ke3 Kh6 66. Kf2 Rg7 67. Ke3 Rh7 68. Rg1 Rf5 69. Qe2 Kh5 70. Rhh1 Bf8 71. Bh2 Qg6 72. Rg2 Bh6 73. Rhg1 Rxf4 74. Bxf4 Qe4+ 75. Kf2 Qxf4+ 76. Ke1 Qc1+ 77. Kf2 Rf7+ 0-1

[Event "Quebec op U1600"]
[Site "Montreal CAN"]
[Date "1989.07.25"]
[Round "4"]
[White "Guy, Gregoire"]
[Black "Boivin, Rejean"]
[Result "1-0"]
[WhiteElo "1476"]
[BlackElo "1464"]
[PlyCount "45"]
[GameId "2160767912519020"]
[EventDate "1989.07.22"]
[EventType "swiss"]
[EventRounds "8"]
[EventCountry "CAN"]
[SourceTitle "EXT 2022"]
[Source "ChessBase"]
[SourceDate "2021.10.06"]
[SourceVersion "1"]
[SourceVersionDate "2021.10.06"]
[SourceQuality "1"]

1. e4 c5 2. Nf3 d6 3. d4 cxd4 4. Nxd4 Nf6 5. Nc3 a6 6. Bg5 e6 7. Bc4 Be7 8. f3 Qa5 9. Qd2 b5 10. Bb3 b4 11. Nce2 Nxe4 12. fxe4 Bxg5 13. Qd3 Bb7 14. O-O Qc5 15. Kh1 Nc6 16. Rxf7 Kxf7 17. Nxe6 Qe5 18. Nxg5+ Ke7 19. Nf7 Qf6 20. Nf4 Qxf4 21. Rf1 Qxf1+ 22. Qxf1 Ne5 23. Nxe5 1-0

[Event "Quebec op U1600"]
[Site "Montreal CAN"]
[Date "1989.07.26"]
[Round "5"]
[White "Godin, Guy"]
[Black "Charest, Johanne"]
[Result "0-1"]
[WhiteElo "1476"]
[BlackElo "1558"]
[PlyCount "52"]
[GameId "2160767912519021"]
[EventDate "1989.07.22"]
[EventType "swiss"]
[EventRounds "8"]
[EventCountry "CAN"]
[SourceTitle "EXT 2022"]
[Source "ChessBase"]
[SourceDate "2021.10.06"]
[SourceVersion "1"]
[SourceVersionDate "2021.10.06"]
[SourceQuality "1"]

1. Nf3 Nc6 2. c4 e5 3. Nc3 Nf6 4. d3 d5 5. cxd5 Nxd5 6. g3 Be7 7. Bg2 Be6 8. O-O Qd7 9. Nxd5 Bxd5 10. b3 f5 11. Bb2 Bd6 12. Bh3 Be6 13. Bg2 h6 14. d4 exd4 15. Nxd4 Rd8 16. Nxc6 bxc6 17. Qc2 Bd5 18. e4 fxe4 19. Bxe4 O-O 20. Bg2 Rfe8 21. Rad1 Qf7 22. Qc3 Be5 23. Qc2 Bxb2 24. Qxb2 Rf8 25. Rfe1 Bxg2 26. Kxg2 Qf3+ 0-1

[Event "Quebec op U1600"]
[Site "Montreal CAN"]
[Date "1989.07.27"]
[Round "6"]
[White "Charest, Johanne"]
[Black "Huot, Roger"]
[Result "0-1"]
[WhiteElo "1558"]
[BlackElo "1453"]
[PlyCount "62"]
[GameId "2160767912519022"]
[EventDate "1989.07.22"]
[EventType "swiss"]
[EventRounds "8"]
[EventCountry "CAN"]
[SourceTitle "EXT 2022"]
[Source "ChessBase"]
[SourceDate "2021.10.06"]
[SourceVersion "1"]
[SourceVersionDate "2021.10.06"]
[SourceQuality "1"]

1. e4 c5 2. Nf3 e6 3. d4 cxd4 4. Nxd4 Nf6 5. Nc3 Nc6 6. Be3 Bb4 7. Ndb5 d5 8. exd5 Nxd5 9. Bd2 Nxc3 10. Bxc3 Bxc3+ 11. Nxc3 O-O 12. Bd3 Qg5 13. O-O Rd8 14. Ne4 Qe7 15. Qh5 g6 16. Qh6 Ne5 17. Ng5 f6 18. Ne4 Nxd3 19. cxd3 Rxd3 20. Rad1 Rxd1 21. Rxd1 e5 22. Rd6 Be6 23. f4 exf4 24. Qxf4 Kg7 25. Nc5 Bf5 26. g4 Qe1+ 27. Kg2 Qe2+ 28. Kh3 Re8 29. Ne6+ Bxe6 30. Rd2 Bxg4+ 31. Qxg4 Qxd2 0-1

[Event "Quebec op U1600"]
[Site "Montreal CAN"]
[Date "1989.07.27"]
[Round "6"]
[White "Hettstedt, Kay"]
[Black "Krupka, David"]
[Result "1-0"]
[WhiteElo "1600"]
[BlackElo "1589"]
[PlyCount "83"]
[GameId "2160767912519023"]
[EventDate "1989.07.22"]
[EventType "swiss"]
[EventRounds "8"]
[EventCountry "CAN"]
[SourceTitle "hb 2009.04"]

1. e4 e5 2. d4 exd4 3. Qxd4 Nc6 4. Qa4 Bc5 5. Nf3 h6 6. Bc4 d6 7. O-O Nge7 8. c3 O-O 9. Bf4 Ng6 10. Bg3 Qe7 11. Nbd2 Be6 12. Bd5 Bxd5 13. exd5 Nce5 14. Rfe1 Qd7 15. Qc2 Nxf3+ 16. Nxf3 Rfe8 17. a4 a6 18. b4 Bb6 19. c4 Ba7 20. Rad1 Rxe1+ 21. Rxe1 Rc8 22. h4 Re8 23. Rxe8+ Qxe8 24. c5 Qe7 25. cxd6 cxd6 26. h5 Ne5 27. Nh4 Qd7 28. Bxe5 dxe5 29. Qc4 Bb8 30. Nf3 Bd6 31. b5 axb5 32. axb5 Kh8 33. Nd2 Qc7 34. Qxc7 Bxc7 35. Nc4 f6 36. d6 Bd8 37. d7 Kg8 38. Nd6 Kf8 39. Nf5 b6 40. g4 Kf7 41. Kg2 Bc7 42. Kf3 1-0

[Event "Quebec op U1600"]
[Site "Montreal CAN"]
[Date "1989.07.27"]
[Round "6"]
[White "Nataf, Paul"]
[Black "Hannachi, Imed"]
[Result "1-0"]
[WhiteElo "1611"]
[BlackElo "1278"]
[PlyCount "111"]
[GameId "2160767912519024"]
[EventDate "1989.07.22"]
[EventType "swiss"]
[EventRounds "8"]
[EventCountry "CAN"]
[SourceTitle "hb 2009.04"]

1. e4 e5 2. Nf3 Nc6 3. Bc4 Nf6 4. Ng5 d5 5. exd5 Nxd5 6. Nxf7 Kxf7 7. Qf3+ Qf6 8. Qxf6+ gxf6 9. Bxd5+ Be6 10. Bxe6+ Kxe6 11. c3 Bh6 12. Na3 Rad8 13. Ke2 e4 14. Nc4 Rd7 15. Rf1 Rhd8 16. f4 f5 17. b4 Bg7 18. b5 Nb4 19. a4 h5 20. Ba3 Nc2 21. Rad1 Nxa3 22. Nxa3 h4 23. Nc4 b6 24. Ne3 Bf8 25. g4 hxg3 26. hxg3 Rg7 27. Rg1 Bc5 28. d4 exd3+ 29. Rxd3 Rxd3 30. Kxd3 Rd7+ 31. Ke2 Re7 32. Kf3 Bxe3 33. Kxe3 Kd5+ 34. Kd3 Re4 35. Rh1 Rxa4 36. Rh5 Ke6 37. Rh6+ Ke7 38. Rc6 Ra5 39. Rxc7+ Kd8 40. Rf7 Rxb5 41. Rxa7 Kc8 42. Rg7 Rc5 43. Rg5 Kb7 44. g4 fxg4 45. Rxc5 bxc5 46. Ke4 Kc6 47. f5 g3 48. Kf3 g2 49. Kxg2 Kd5 50. Kf3 Kc4 51. f6 Kxc3 52. f7 c4 53. f8=Q Kc2 54. Qf5+ Kb2 55. Qb5+ Kc3 56. Ke3 1-0